Canadian Kpop Idols - Statistics

General Stats
  • This quiz has been taken 30 times
  • The average score is 7 of 11
Answer Stats
Hint Answer % Correct
Cortis Martin
96%
NCT Mark
88%
Red Velvet Wendy
83%
P1harmony Keeho
75%
Zerobaseone Matthew
71%
i.o.i (now soloist) Somi
63%
82major Yechan
54%
The Boyz Jacob
50%
The Boyz Kevin
46%
Badvillain Chloe
38%
Ampers&one Brian
29%
No matching quizzes found
Score Distribution
Percent of People with Each Score
Percentile by Number Answered
Your Score History
You have not taken this quiz